000 00363 a2200169 4500
001 48994
020 _a8532248438
040 _cAnchieta - Bela Vista
100 _aDansa, Lecticia
240 1 0 _aA origem do amor
_lpor
245 1 0 _aA origem do amor
300 _a31
362 0 _a2002
440 1 _aFTD
650 4 _aLiteratura infanto-juvenil
942 _cBK
999 _c48994
_d48994